00343pam a2200145a 44500008004100000020000900041041001200050082000900062100003500071245004000106250000600146260002800152300000800180650000900188230515b1965 xxu||||| |||| 00| 0 eng d aNULL aENGLISH aN.D. a"Millaman Jocob, Taub Harbert" aPules Digital & Switching Waveforms a0 aNULLbMcgraw Hillc1965 a958 aNULL